Pays sans voyelles - 1 - Statistiques

Statistiques générales
  • Ce quiz a été pris 273 fois
  • Le résultat moyen est 19 sur 20
Statistiques - réponses
HINT ANSWER % Correct
D_n_m_rk Danemark
98%
M_r_c Maroc
98%
M_ng_l__ Mongolie
98%
Sl_v_q___ Slovaquie
98%
Sl_v_q___ Slovaquie
98%
B_h_m_s Bahamas
97%
_rl_nd_ Irlande
97%
J_rd_n__ Jordanie
97%
N_g_r__ Nigeria
96%
Sr_ L_nk_ Sri Lanka
96%
_ll_m_gn_ Allemagne
95%
_r_k Irak
95%
R_p_bl_q__ d_ C_ng_ République du Congo
95%
H_nd_r_s Honduras
93%
M_ld_v__ Moldavie
93%
T_n_s__ Tunisie
93%
_kr__n_ Ukraine
87%
M__r_t_n__ Mauritanie
85%
_nd_n_s__ Indonésie
78%
_l_s S_l_m_n Îles Salomon
71%
Aucun quiz correspondant
Distribution des résultats
% des personnes avec chaque résultat
Percentile par nombre de réponses
Votre historique - résultats
Vous n’avez pas pris ce quiz